| 000 | 00541nam a2200181 i 4500 | ||
|---|---|---|---|
| 001 | 25134 | ||
| 003 | ES-MaACL | ||
| 005 | 20230906153211.0 | ||
| 007 | t| | ||
| 008 | 021220s1972 sp ||||1| spa d | ||
| 100 | 1 |
_aArcas Cruz, Rafael. _922437 |
|
| 245 | 1 | 0 |
_aIntoxicaciones en pediatría / _cpor Rafael Arcas Cruz, José Roca Mairal. |
| 250 | _a[1ª ed.]. | ||
| 260 |
_aBarcelona : _bEspaxs, _c1972. |
||
| 300 |
_a178 p., 5 lám. col. : _bil. ; _c23 cm. |
||
| 700 | 1 |
_aRoca Mairal, José. _998001 |
|
| 852 |
_aES-MaACL _jC-49387 _bR.84206 |
||
| 999 |
_c25134 _d25134 |
||